Body Parts A-Z - Statistics

General Stats
  • This quiz has been taken 257 times
  • The average score is 18 of 26
Answer Stats
Letter Hint Answer % Correct
A The region where the foot and leg meet Ankle
94%
H A chambered, muscular organ found in your chest Heart
91%
K A pair of bean shaped organs that filter blood Kidneys
88%
J Made of an upper and lower part and makes the framework of your mouth Jaw
87%
I Found in the eye and determines the color of them Iris
86%
C The back part of your lower leg Calf
85%
S A bony structure that protects the head Skull
85%
B A mass of nervous tissue that acts as the control center of your body Brain
84%
L A pair of organs that are connected by the trachea and aid in respiration Lungs
84%
T Found in the mouth and helps keep food in place for swallowing Tongue
84%
F The largest bone in your body, found in the upper leg Femur
83%
W The joint that connects the arm to the hand Wrist
78%
P An organ found near the stomach that regulates blood sugar and aids in digestion Pancreas
75%
G Releases bile made by the liver into the small intestine Gallbladder
74%
R These bones help protect the cest cavity Ribs
74%
E Food goes down this tube after it is swallowed before reaching the stomach Esophagus
73%
Q A group of muscles in the front of the thigh Quadriceps
68%
M The lower jawbone and the one able to move Mandible
64%
D The inner layer of your skin Dermis
60%
V The two lower chambers of the heart Ventricle
58%
Z A sperm and an egg combine to form this Zygote
58%
N A messenger for the nervous system that sends impulses Neuron
57%
O A gland found in the female body that produces estrogen Ovaries
55%
U Tubes that transfer urine from the kidneys to he blsdder Ureter
25%
X A process that occurs in the sternum or breastbone Xiphoid Process
12%
Y Found in the bone and stores fat Yellow Marrow
7%
No matching quizzes found
Score Distribution
Percent of People with Each Score
Percentile by Number Answered
Your Score History
You have not taken this quiz